000 00527nam a2200169Ia 4500
008 090711s9999 xx 000 0 und d
082 _b43885
100 _aदिघे प्रभाकर तुकाजी
245 _aफुले / शमा
260 _c1989
300 _a163
600 _aदिघे प्रभाकर तुकाजी
630 _aफुले / शमा
700 _aदिघे प्रभाकर तुकाजी
730 _aफुले / शमा
942 _cBOOK
999 _c296045
_d296045